Cargando…

Meyer Schapiro's Critical Debates : Art Through a Modern American Mind /

"Explores the life, career, and intellectual debates of art historian Meyer Schapiro, who worked at the nexus of artistic and intellectual practice and from there confronted some of the twentieth century's most abiding questions"--

Detalles Bibliográficos
Autor principal: O'Donnell, C. Oliver (Charles Oliver), 1983- (Autor)
Formato: Electrónico eBook
Idioma:Inglés
Publicado: University Park, Pennsylvania : The Pennsylvania State University Press, [2019]
Colección:Book collections on Project MUSE.
Temas:
Acceso en línea:Texto completo

MARC

LEADER 00000cam a22000004a 4500
001 musev2_72268
003 MdBmJHUP
005 20230905051436.0
006 m o d
007 cr||||||||nn|n
008 191222t20192019pau o 00 0 eng d
020 |a 9780271085562 
035 |a (OCoLC)1132284392 
040 |a MdBmJHUP  |c MdBmJHUP 
100 1 |a O'Donnell, C. Oliver  |q (Charles Oliver),  |d 1983-  |e author. 
245 1 0 |a Meyer Schapiro's Critical Debates :   |b Art Through a Modern American Mind /   |c C. Oliver O'Donnell. 
264 1 |a University Park, Pennsylvania :  |b The Pennsylvania State University Press,  |c [2019] 
264 3 |a Baltimore, Md. :  |b Project MUSE,   |c 2021 
264 4 |c ©[2019] 
300 |a 1 online resource (272 pages):   |b illustrations. 
336 |a text  |b txt  |2 rdacontent 
337 |a computer  |b c  |2 rdamedia 
338 |a online resource  |b cr  |2 rdacarrier 
505 0 |a 1929, formalism and perception : from Löwy and Fry to Wertheimer and Gombrich -- 1936, reviewing Kunstwissenschaft : foreshadowing the two cultures debate -- 1941, science and the dialectic : Raphael and Dewey, Courbet and Picasso -- 1947, the "aesthetic attitude," Coomaraswamy's metaphysics, and the Westernness of art's history -- 1956, pragmatic psychoanalysis and the confirmation of Woman I -- 1961, debating Berenson with Berlin : two concepts of art-historical liberty -- 1968, Heidegger and Goldstein : Van Gogh's Shoes and the liabilities of Ekphrasis -- 1973, Worlds and pictures : a color field critique of structuralist semiotics. 
520 |a "Explores the life, career, and intellectual debates of art historian Meyer Schapiro, who worked at the nexus of artistic and intellectual practice and from there confronted some of the twentieth century's most abiding questions"--  |c Provided by publisher. 
588 |a Description based on print version record. 
600 1 7 |a Schapiro, Meyer,  |d 1904-1996.  |2 fast  |0 (OCoLC)fst01716985 
600 1 0 |a Schapiro, Meyer,  |d 1904-1996. 
650 7 |a ART / Criticism & Theory  |2 bisacsh 
650 7 |a Art criticism.  |2 fast  |0 (OCoLC)fst00815492 
650 7 |a Art.  |2 fast  |0 (OCoLC)fst00815177 
650 0 |a Art  |x History. 
650 0 |a Art criticism  |z United States  |x History  |y 20th century. 
651 7 |a United States.  |2 fast  |0 (OCoLC)fst01204155 
655 7 |a History.  |2 fast  |0 (OCoLC)fst01411628 
655 7 |a Electronic books.   |2 local 
710 2 |a Project Muse.  |e distributor 
830 0 |a Book collections on Project MUSE. 
856 4 0 |z Texto completo  |u https://projectmuse.uam.elogim.com/book/72268/ 
945 |a Project MUSE - Custom Collection 
945 |a Project MUSE - 2019 Complete Supplement 
945 |a Project MUSE - 2019 Global Cultural Studies Supplement